Frogs and toads : (Record no. 9001)
[ view plain ]
| 000 -LEADER | |
|---|---|
| fixed length control field | 01049nam a22002777a 4500 |
| 001 - CONTROL NUMBER | |
| control field | 9001 |
| 003 - CONTROL NUMBER IDENTIFIER | |
| control field | FISKH |
| 005 - DATE AND TIME OF LATEST TRANSACTION | |
| control field | 20251113133551.0 |
| 008 - FIXED-LENGTH DATA ELEMENTS--GENERAL INFORMATION | |
| fixed length control field | 251113b cb ||||| |||| 00| 0 eng d |
| 040 ## - CATALOGING SOURCE | |
| Original cataloging agency | FISKH |
| Language of cataloging | eng |
| Transcribing agency | FISKH |
| Modifying agency | FISKH |
| 050 ## - LIBRARY OF CONGRESS CALL NUMBER | |
| Classification number | PZ7 |
| 082 ## - DEWEY DECIMAL CLASSIFICATION NUMBER | |
| Classification number | 597.8 |
| 100 ## - MAIN ENTRY--PERSONAL NAME | |
| Personal name | Clay, Pat |
| Relator term | Author |
| 245 ## - TITLE STATEMENT | |
| Title | Frogs and toads : |
| Remainder of title | Nature in close-up / |
| Statement of responsibility, etc. | Pat and Helen Clay |
| 260 ## - PUBLICATION, DISTRIBUTION, ETC. | |
| Place of publication, distribution, etc. | London : |
| Name of publisher, distributor, etc. | Adam & Charles Black , |
| Date of publication, distribution, etc. | 1981 |
| 300 ## - PHYSICAL DESCRIPTION | |
| Extent | 25 pages : |
| Other physical details | color illustrations ; |
| Dimensions | 22 cm |
| 505 ## - FORMATTED CONTENTS NOTE | |
| Formatted contents note | G<br/> |
| 520 ## - SUMMARY, ETC. | |
| Summary, etc. | Frog and Toads explains the lives of these two fascinating amphibians. Readers learn about their bodies, life cycles, and habitats, and discover how frogs and toads are alike—and how they differ. With easy text and colorful illustrations, this nonfiction book helps young readers explore nature in an engaging way. |
| 521 8# - TARGET AUDIENCE NOTE | |
| Target audience note | 400<br/> |
| Source | Lexile estimate<br/> |
| 521 8# - TARGET AUDIENCE NOTE | |
| Target audience note | G<br/> |
| Source | Raz-Plus<br/> |
| 650 ## - SUBJECT ADDED ENTRY--TOPICAL TERM | |
| Topical term or geographic name entry element | Nature |
| Form subdivision | Animal |
| 650 ## - SUBJECT ADDED ENTRY--TOPICAL TERM | |
| Topical term or geographic name entry element | Frogs |
| Form subdivision | Toads |
| 700 ## - ADDED ENTRY--PERSONAL NAME | |
| Personal name | Clay, Helen |
| Relator term | Author |
| 942 ## - ADDED ENTRY ELEMENTS (KOHA) | |
| Source of classification or shelving scheme | Dewey Decimal Classification |
| Koha item type | Books |
| Suppress in OPAC | No |
| Withdrawn status | Lost status | Source of classification or shelving scheme | Damaged status | Not for loan | Home library | Current library | Shelving location | Date acquired | Total Checkouts | Full call number | Barcode | Date last seen | Copy number | Price effective from | Koha item type |
|---|---|---|---|---|---|---|---|---|---|---|---|---|---|---|---|
| Dewey Decimal Classification | Footprints International School Library Network Toul Tom Poung Campus | Footprints International School Library Network Toul Tom Poung Campus | TTP Primary Dark Blue Bookshelves | 11/13/2025 | CLA 597.8 PZ7 | FIS01626 | 11/13/2025 | 1 | 11/13/2025 | Books |
